NCAA Institutions in Illinois - Statistics

General Stats
  • This quiz has been taken 26 times
  • The average score is 17 of 39
Answer Stats
Conference School Team Name % Correct
Division I Big Ten Illinois Urbana-Champaign Fighting Illini
100%
Division I Ohio Valley Eastern Illinois Panthers
95%
Division I MAC Northern Illinois Huskies
95%
Division I Big Ten Northwestern Wildcats
95%
Division I Missouri Valley Southern Illinois-Carbondale Salukis
95%
Division I Missouri Valley Illinois State Redbirds
89%
Division III UAA Chicago Maroons
84%
Division I Atlantic 10 Loyola-Chicago Ramblers
84%
Division I Ohio Valley Western Illinois Leathernecks
84%
Division I Northeast Chicago State Cougars
74%
Division I Big East DePaul Blue Demons
74%
Division I Missouri Valley Illinois-Chicago Flames
63%
Division I Missouri Valley Bradley Braves
58%
Division II Great Lakes Valley Illinois-Springfield Prairie Stars
53%
Division I Ohio Valley Southern Illinois-Edwardsville Cougars
47%
Division III CCIW North Central Cardinals
32%
Division II Great Lakes Valley Quincy Hawks
32%
Division III Northern Rockford Regents
32%
Division III CCIW Augustana Vikings
26%
Division III Midwest Illinois College Blueboys
26%
Division III Northern Aurora Spartans
21%
Division III St. Louis Greenville Panthers
21%
Division III Northern Illinois Institute of Technology Scarlet Hawks
21%
Division III CCIW Illinois Wesleyan Titans
21%
Division III Midwest Knox Prairie Fire
21%
Division II Great Lakes Valley McKendree Bearcats
21%
Division III CCIW Millikin Big Blue
21%
Division III CCIW North Park Vikings
21%
Division III CCIW Wheaton Thunder
21%
Division III Northern Benedictine Eagles
16%
Division III St. Louis Blackburn Beavers
16%
Division III Northern Concordia-Chicago Cougars
16%
Division III Northern Dominican Stars
16%
Division III Midwest Lake Forest Foresters
16%
Division III Midwest Monmouth Fighting Scots
16%
Division III St. Louis Principia Panthers
16%
Division III CCIW Elmhurst Bluejays
11%
Division III St. Louis Eureka Red Devils
11%
Division II Great Lakes Valley Lewis Flyers
11%
No matching quizzes found
Score Distribution
Percent of People with Each Score
Percentile by Number Answered
Your Score History
You have not taken this quiz